01119nam a2200193Ia 4500001001100000003001000011008004100021040002500062041001300087100002300100245001600123250001100139260008500150300001200235500026400247501011400511520026400625650003600889L200-52295IT-CnALBA170116s9999||||xx |||||||||||||| ||und|| aIT-CnALBAcIT-CnALBA aITALIANO aPOLIDORO GIAMMARIA 0aFRANCESCO.  a1a ed. aASSISI (PG)bPORZIUNCOLA EDIZIONIc1997 [1° Ed.:1997 - Ed.Ling.Originale: 1991] a210 p.  aASSISI OGGI. ANSIA DEL NUOVO. VERSO LA LIBERTÀ. NASCITA COMUNITÀ. IL VANGELO PRESO SUL SERIO. RESOCONTI DELL'ESPERIENZA. IL LATERANO MINACCIA ROVINA. INCERTEZZA. PROPOSTE NUOVE. TRA DIO E POLITICA. IL MONDO OLTRE L'ITALIA. STRUTTURA E ISPIRAZIONE. DA MINI aSocietà San Paolo EM - Piazza San Paolo, 14 - 12051 ALBA (CN) (non commercial uses only) ® Copyright 2017 aASSISI OGGI. ANSIA DEL NUOVO. VERSO LA LIBERTÀ. NASCITA COMUNITÀ. IL VANGELO PRESO SUL SERIO. RESOCONTI DELL'ESPERIENZA. IL LATERANO MINACCIA ROVINA. INCERTEZZA. PROPOSTE NUOVE. TRA DIO E POLITICA. IL MONDO OLTRE L'ITALIA. STRUTTURA E ISPIRAZIONE. DA MINI aRELIGIONE - RELIGIONE CRISTIANA